La condición postmoderna. Informe sobre el saber.

Saved in:
Bibliographic Details
Main Author: Lyotard, Jean-François (autor)
Other Authors: Antolín Rato, Mariano (traducción)
Format: Book
Language:Spanish
Published: Madrid, España: Ediciones Cátedra, 2008.
Edition:10a. edición.
Series:Colección Teorema. Serie Mayor.
Subjects:
Tags: Add Tag
No Tags, Be the first to tag this record!

MARC

LEADER 00000nam a2200000 a 4500
001 UCO5596
003 CL-VaPUC
005 20250407202442.0
008 000908t20080000SP |||||||||||||||||spa|d
999 |c 447252  |d 447250 
020 |a 978-84-376-0466-4 
040 |c Pontificia Universidad Católica de Valparaíso 
082 0 4 |a 121.3 LYO 2008  |2 22 
100 |a Lyotard, Jean-François  |e autor  |9 452660 
245 1 3 |a La condición postmoderna.  |b Informe sobre el saber. 
250 |a 10a. edición. 
260 |a Madrid, España:  |b Ediciones Cátedra,  |c 2008. 
300 |a 119 páginas. 
490 0 |a Colección Teorema. Serie Mayor. 
500 |a c.1. Instituto Arcos 8-1-2025. 
583 |a last modification  |c 20121007 09:41:31  |k Yessy Sthefany Diaz Vidal 
650 0 |a Posmodernidad  |9 325588  |x Civilización  |y Siglo 20 
650 0 |a Teoría del conocimiento   |9 255038  |x Filosofía moderna 
650 0 |a Ciencias  |9 327866  |x Filosofía  |y Siglo 20 
700 |9 896638  |a Antolín Rato, Mariano  |e traducción 
942 |c BK  |2 ddc  |n 0 
945 |d 20000908 00:00:00  |a crobeson 
952 |0 0  |1 0  |2 ddc  |4 0  |6 121_300000000000000_LYO_2008  |7 0  |8 A  |9 601001  |a BIBINC  |b BIBINC  |d 2025-03-12  |e Instituto Arcos  |i 5665766  |o 121.3 LYO 2008  |p 5665766  |r 2025-03-12  |t 1  |w 2025-03-12  |y BK  |k IFP